1876 1008 1441 1730 1206 1939 1078 1225 1903 1113 1586 1727 1561 1870 1629 1608 1812 1813 1245 1433 1478 1865 1138 1468 1515 1717 1379 1487 1403 1151 1145 1536 1376 1209 1891 1072 1014 1924 1027 1193 1974 1643 1353 1293 1487 1788 1204 1589 1672 1201 1440 1930 1211 1607 1245 1782 1711 1571 1555 1820 1309 1675 1932 1092 1062 1165 1569 1958 1949 1019 1365 1413 1225 1139 1849 1822 1567 1670 1761 1101 1057 1326 1362 1406 1849 1504 1225 1290 1902 1230 1389 1907 1549 1455 1339 1133 1823 1022 1744 BCNSPRNW ULIB Ver.6.0+V

เปลี่ยนเป็นภาษาไทย

Change to English
 แสดงรายละเอียดบรรณานุกรม
  กลับหน้าหลัก

Brief Record : Get Marc (ISO 2709) : E-mail record : QR code < ปิดหน้าต่าง
LEADER : 00000nam 2200000uu 4500
001    13399115023
003     ULIB
008    020711s2552 th a 000 0 tha d
020    ^a9789742127954
082 04 ^aรส.^bส176S
090    ^aรส.^bส176S
100    ^aLouie Stowell
245    ^aซามูไร /^cLouie Stowell
260    ^aกรุงเทพฯ :^bซีเอ็ด,^c2552
300    94 หน้า
500    ชุดอ่านอังกฤษ เก่งอังกฤษ
501    Stage 3
945    ^p99^l0^i028466
999 ^a ทศพร
รายการนี้ยังไม่มีแท็ก
คุณยังไม่ได้ล็อกอิน คุณสามารถมีกิจกรรมร่วมกับเว็บไซต์ได้ แต่ต้องล็อกอินก่อน ::
  ล็อกอิน

รายการสื่อสารสนเทศ

ลำดับที่ ประเภท เลขเรียก/บาร์โค้ด สถานที่ สถานะ
1. นวนิยาย
นวนิยาย
รส. ส176S รส. ส176S ฉ.1 
  Barcode: 028466
ห้องสมุดวิทยาเขตสวรรค์ประชารักษ์
►นวนิยาย
บนชั้น
  ขอยืม

BibComment


ยังไม่เคยถูกคอมเมนท์

คอมเมนท์ทรัพยากรรายการนี้
  คอมเมนท์: ซามูไร Louie St..


 Copyright 2026. Bcnsprnw @Library